000 00918cam a2200205 i 4500
005 20251108171041.0
008 250721s2002 ua gr 000 0 ara d
020 _a9772715635
082 1 4 _a004.6
_bب س ي
100 1 _aبسيوني، عبد الحميد
_eمؤلف.
245 1 2 _aالشبكات والإنترنت في ويندوز اكس بي :
_bتركيب وتشغيل الشبكات والاتصالات، شبكة الإنترنت وتطبيقاتها وتشغيلها، إصلاح الأعطال والتغلب على المشكلات /
_cتأليف مهندس عبد الحميد بسيوني.
264 1 _aالقاهرة :
_bمكتبة ابن سينا،
_c2002.
300 _a253 صفحة.
650 1 7 _aتطبيقات الحاسوب.
650 1 7 _aشبكات الحواسيب.
650 1 7 _aالإنترنت.
650 1 7 _aويندوز.
942 _2ddc
_cBK
999 _c55308
_d55308